Bielorrússia - Statistics

Estatísticas Gerais
  • Esse quiz foi jogado 5 vezes
  • A pontuação média é 5 de 15
Estatísticas das Respostas
Hint Resposta % Correto
Em que continente fica? Europa
100%
Quais são os seus idiomas? Bielorrusso e russo
75%
Qual é a sua capital? Minsk
75%
Qual é o seu código ISO? BLR
50%
Quais são os países que fazem fronteira com a Bielorrússia a noroeste? Lituânia e Letónia
50%
Qual é o país que faz fronteira com a Bielorrússia a oeste? Polónia
50%
Qual é o país que faz fronteira com a Bielorrússia a nordeste? Rússia
50%
Qual é o país que faz fronteira com a Bielorrússia a sul? Ucrânia
50%
Quem é o presidente da Bielorrússia? Alyaksandr Lukashenko
0%
Como se chama o prato típico do país? Draniki
0%
Qual é a bebida típica do país? Kvas
0%
Qual é a ponto mais alto do país? Monte Dzyarzhynsk
0%
Como se chama a sopa típica do país? Okroshka
0%
Como se chama a sua moeda? Rublo bielorrusso
0%
O que significa a palavra Bielorrússia? Rússia branca
0%
Nenhum quiz correspondente encontrado
Distribuição das Pontuações
Porcentagem de Pessoas com Cada Pontuação
Percentil de Números Respondidos
Sua Pontuação Histórica
Você não jogou esse quiz